| 000 | 00631nam a22001577a 4500 | ||
|---|---|---|---|
| 008 | 160428b xxu||||| |||| 00| 0 eng d | ||
| 082 |
_22013 _aUT 0450 _bC11 |
||
| 100 |
_96725 _aCarboƱero, Luna Luz B. |
||
| 245 |
_aMarketing strategies and the level of sales performance of pottery business in Matti Digos City/ _cLuna Luz B. CabaƱero, Roldan F. Sedon and Felyn M. Ligan. |
||
| 260 |
_aDigos City: _bUMDC _cMay 2013. |
||
| 300 |
_a68 pages; _c30 cm. |
||
| 650 | 0 |
_96724 _aBusiness Administration _vFinancial Management _xUndergraduate thesis. |
|
| 700 |
_96722 _aSedon, Roldan F. |
||
| 700 |
_96723 _aLigan, Felyn M. |
||
| 942 |
_2ddc _cUT |
||
| 999 |
_c2081 _d2081 |
||